01516nam a2200361 a 450000500170000000800400001702000150005704100080007210000220008024500450010225000110014726000350015830000220019350000800021565300670029565300390036265300350040165300310043665300300046765300410049765300290053865300530056765300500062065300500067065300240072065300380074465300930078265300540087565300440092965300840097365300680105765300290112520240327091400.0100805e1997||||ag 01 f01 s sp spa  a9507861475 aspa1 aMaliandi, Ricardo aVolver a la razón /cRicardo, Maliandi a1a ed. aBuenos Aires: bBiblos;c1997. a200 p.c23 x16 cm aMaliandi, R. (1997). Volver a la razón. (1a ed.). Buenos Aires : Biblios. aProlegómenos para una crítica de la razón unidimensional 3aLa insoportable gravedad del logos aIrracionalismo y posmodernidad aCrítica y conflictividad 3aEl derecho a la crítica aPluralismo light y pluralismo fuerte aRazón y conflictividad aCinco tesis sobre la racionalidad de la acción 3aLa cuadruple relación entre logos y pathos  3aLa versión kantiana de la razón perezosa  aRazón dialógica aAutocontradicciones performativas aMás acá de lo empírico. El concepto de lo a priori y el paradigma de la conciencia 3aLa prágmatica transcendental de Karl- Otto Apel aVerdad, falibilismo y fundamentación  3aEl trilema de Aristófanes y los presupuestos normativos del diálogo critico aHablar enserio sobre el uso del humor en el discurso práctico aModos de argumentación